书目信息 |
| 题名: |
中国历代冤案
|
|
| 作者: | 少林木子 编著 | |
| 分册: | ||
| 出版信息: | 呼伦贝尔 内蒙古文化出版社 2009 |
|
| 页数: | 392页 | |
| 开本: | 24cm | |
| 丛书名: | ||
| 单 册: | ||
| 中图分类: | K220.5 | |
| 科图分类: | ||
| 主题词: | 历史事件--中国--古代 , 历史事件 | |
| 电子资源: | ||
| ISBN: | 978-7-80675-711-6 | |
| 000 | 00758nam0 2200241 45 | |
| 001 | 1237668669 | |
| 005 | 20120619095416.89 | |
| 010 | @a978-7-80675-711-6@dCNY42.80 | |
| 100 | @a20090710d2009 ekmy0chiy0120 ea | |
| 101 | 0 | @achi |
| 102 | @aCN@b150000 | |
| 105 | @aa z 000yy | |
| 106 | @ar | |
| 200 | 1 | @a中国历代冤案@AZhong Guo Li Dai Yuan An@f少林木子编著@FShao Lin Mu Zi Bian Zhu |
| 210 | @a呼伦贝尔@c内蒙古文化出版社@d2009 | |
| 215 | @a392页@c图@d24cm | |
| 330 | @a本书共五篇,包括:春秋秦汉多战乱 多少冤魂风雨中、三国魏晋南北朝 不分忠侫亦飘摇等。 | |
| 606 | 0 | @a历史事件@y中国@z古代 |
| 606 | 0 | @a历史事件 |
| 690 | @aK220.5@v4 | |
| 701 | 0 | @a少林木子@AShao Lin Mu Zi@4编著 |
| 801 | 0 | @aCN@bTSTCL@c20120604 |
| 905 | @b0818019-22@dK220.5@e65@f4 | |
| 中国历代冤案/少林木子编著.-呼伦贝尔:内蒙古文化出版社,2009 |
| 392页:图;24cm |
| ISBN 978-7-80675-711-6:CNY42.80 |
| 本书共五篇,包括:春秋秦汉多战乱 多少冤魂风雨中、三国魏晋南北朝 不分忠侫亦飘摇等。 |
| ● |
| 相关链接 |
|
|
|
|
正题名:中国历代冤案
索取号:K220.5/65
 
预约/预借
| 序号 | 登录号 | 条形码 | 馆藏地/架位号 | 状态 | 备注 |
| 1 | 0818019 | 208180190 | 第二样本阅览室/ [索取号:K220.5/65] | 在馆 | |
| 2 | 0818020 | 208180207 | 第二借阅区/ [索取号:K220.5/65] | 在馆 | |
| 3 | 0818021 | 208180216 | 第二借阅区/ [索取号:K220.5/65] | 在馆 | |
| 4 | 0818022 | 208180225 | 第二借阅区/ [索取号:K220.5/65] | 在馆 |